[Event "Golden Cleopatra op 6th"]
[Site "Cairo"]
[Date "2002.04.07"]
[Round "1"]
[White "Mirzoev, Azer"]
[Black "Lowis, Magdy"]
[Result "1-0"]
[WhiteElo "2494"]
[BlackElo "2131"]
[PlyCount "91"]
[EventDate "2002.04.07"]
[EventType "swiss"]
[EventRounds "11"]
[EventCountry "EGY"]
[SourceTitle "CBM 087 Extra"]
[Source "ChessBase"]
[SourceDate "2002.05.03"]
[SourceVersion "2"]
[SourceVersionDate "2002.08.09"]
[SourceQuality "1"]

1. d4 Nf6 2. Nf3 e6 3. c4 b6 4. Nc3 Bb4 5. Qc2 Bb7 6. a3 Bxc3+ 7. Qxc3 d6 8. g3 0-0 9. Bg2 Nbd7 10. 0-0 c5 11. Rd1 Qc7 12. b3 Rfe8 13. Bb2 Rad8 14. Rac1 Ne4 15. Qe3 f5 16. Bh3 Ndf6 17. Ng5 h6 18. Nxe4 Nxe4 19. f3 Ng5 20. Bg2 cxd4 21. Qxd4 e5 22. Qf2 f4 23. gxf4 exf4 24. h4 Nf7 25. Qd4 Re5 26. Rd2 Qe7 27. Qxf4 Rxe2 28. Rcc2 Rxd2 29. Rxd2 Qe1+ 30. Kh2 Rf8 31. Qg3 Qxg3+ 32. Kxg3 Re8 33. Bd4 h5 34. Kf2 Nh6 35. Be3 Nf5 36. Bg5 b5 37. cxb5 Rc8 38. Bf1 Rc3 39. Bc4+ Kf8 40. Rd3 Rc2+ 41. Ke1 Rh2 42. a4 Nxh4 43. Bxh4 Rxh4 44. Rxd6 Bxf3 45. Rd7 g5 46. Rf7+ 1-0